Every WhatsApp Flag To Meaning - Statistics

General Stats
  • This quiz has been taken 51 times
  • The average score is 118 of 261
Answer Stats
Picture Answer % Correct
Black Flag
93%
White Flag
93%
Chequered Flag
83%
Pirate Flag
83%
Rainbow Flag
83%
Triangular Flag
83%
Afghanistan
63%
Albania
63%
United Nations
63%
Algeria
60%
Argentina
60%
Andorra
57%
Angola
57%
Armenia
57%
Belgium
57%
Bolivia
57%
Brazil
57%
Transgender
57%
Antarctica
53%
Antigua and Barbuda
53%
Aruba
53%
Australia
53%
Austria
53%
Azerbaijan
53%
Bahamas
53%
Bangladesh
53%
Barbados
53%
Belarus
53%
Belize
53%
Benin
53%
Bhutan
53%
Botswana
53%
Brunei
53%
Bulgaria
53%
Burkina Faso
53%
Burundi
53%
Canada
53%
Åland Islands
50%
American Samoa
50%
Bahrain
50%
Bosnia and Herzegovina
50%
Cambodia
50%
Cameroon
50%
Central African Republic
50%
Chad
50%
Chile
50%
China
50%
Colombia
50%
Croatia
50%
Cuba
50%
Cyprus
50%
Czech Republic
50%
Denmark
50%
European Union
50%
Faroe Islands
50%
Hong Kong
50%
Anguilla
47%
Cape Verde
47%
Comoros
47%
Costa Rica
47%
Curaçao
47%
Djibouti
47%
Dominica
47%
Dominican Republic
47%
Ecuador
47%
Egypt
47%
El Salvador
47%
England
47%
Eritrea
47%
Estonia
47%
Eswatini
47%
Finland
47%
France
47%
Georgia
47%
Germany
47%
Ghana
47%
Gibraltar
47%
Greece
47%
Greenland
47%
Grenada
47%
Guinea
47%
Guinea-Bissau
47%
Guyana
47%
Haiti
47%
Honduras
47%
Hungary
47%
Iceland
47%
India
47%
Indonesia
47%
Iran
47%
Iraq
47%
Ireland
47%
Isle of Man
47%
Israel
47%
Italy
47%
Ivory Coast
47%
Jamaica
47%
Japan
47%
Jersey
47%
Jordan
47%
Kazakhstan
47%
Kenya
47%
Kiribati
47%
Kosovo
47%
Kuwait
47%
Kyrgyzstan
47%
Laos
47%
Marshall Islands
47%
Mauritania
47%
Mayotte
47%
Scotland
47%
Sri Lanka
47%
St. Kitts and Nevis
47%
Togo
47%
Tonga
47%
United States
47%
Wales
47%
British Virgin Islands
43%
D.R. Congo
43%
East Timor
43%
Equatorial Guinea
43%
Ethiopia
43%
Falkland Islands
43%
Fiji
43%
Gabon
43%
Gambia
43%
Guam
43%
Guatemala
43%
Guernsey
43%
Latvia
43%
Lebanon
43%
Lesotho
43%
Liberia
43%
Libya
43%
Liechtenstein
43%
Lithuania
43%
Luxembourg
43%
Macau
43%
Malawi
43%
Malaysia
43%
Maldives
43%
Malta
43%
Mexico
43%
Micronesia
43%
Moldova
43%
Monaco
43%
Mongolia
43%
Montenegro
43%
Morocco
43%
Mozambique
43%
Namibia
43%
Nauru
43%
Nepal
43%
Netherlands
43%
New Caledonia
43%
New Zealand
43%
Nicaragua
43%
Niger
43%
Nigeria
43%
North Korea
43%
North Macedonia
43%
Norway
43%
Oman
43%
Pakistan
43%
Palau
43%
Panama
43%
Papua New Guinea
43%
Paraguay
43%
Peru
43%
Philippines
43%
Poland
43%
Portugal
43%
Puerto Rico
43%
Qatar
43%
Rep. of the Congo
43%
Romania
43%
Russia
43%
San Marino
43%
São Tomé and Príncipe
43%
Saudi Arabia
43%
Serbia
43%
Seychelles
43%
Slovakia
43%
Slovenia
43%
Somalia
43%
South Africa
43%
South Korea
43%
South Sudan
43%
Spain
43%
St. Lucia
43%
St. Vincent and the Grenadines
43%
Suriname
43%
Sweden
43%
Switzerland
43%
Syria
43%
Tajikistan
43%
Tanzania
43%
Texas
43%
Thailand
43%
Trinidad and Tobago
43%
Turkey
43%
Turkmenistan
43%
Uganda
43%
Ukraine
43%
United Arab Emirates
43%
United Kingdom
43%
Uruguay
43%
Uzbekistan
43%
Vanuatu
43%
Vatican City
43%
Venezuela
43%
Vietnam
43%
Yemen
43%
Zambia
43%
Zimbabwe
43%
Bermuda
40%
Madagascar
40%
Mali
40%
Mauritius
40%
Palestinian Territories
40%
Rwanda
40%
Samoa
40%
Senegal
40%
Sierra Leone
40%
Singapore
40%
Solomon Islands
40%
Sudan
40%
Taiwan
40%
Tunisia
40%
U.S. Virgin Islands
40%
Cayman Islands
37%
Christmas Island
37%
Cook Islands
37%
Myanmar
37%
Niue
37%
Northern Mariana Islands
37%
Tuvalu
37%
Cocos Islands
33%
French Polynesia
33%
Guadeloupe
33%
Martinique
33%
Montserrat
33%
Norfolk Island
33%
Western Sahara
33%
French Guiana
30%
Tokelau
30%
Turks and Caicos Islands
30%
Wallis and Futuna
30%
Canary Islands
27%
Pitcairn Islands
27%
Réunion
27%
St. Helena
27%
St. Pierre and Miquelon
27%
British Indian Ocean Territory
23%
Sint Maarten
23%
Caribbean Netherlands
17%
French Southern Territories
17%
South Georgia and South Sandwich Islands
17%
St. Barthélemy
17%
Crossed Flags
13%
Refugee Nation
10%
No matching quizzes found
Score Distribution
Percent of People with Each Score
Percentile by Number Answered
Your Score History
You have not taken this quiz